[Event "Diez Reinas (Premier)"]
[Site "?"]
[Date "2013.10.21"]
[Round "7"]
[White "Lozano, Betania"]
[Black "Fernandez, Maria F"]
[Result "0-1"]
[WhiteElo "2048"]
[BlackElo "2180"]
[PlyCount "72"]
[EventDate "2013.??.??"]
[SourceDate "2013.10.21"]

1. Nf3 d5 2. c4 Nf6 3. cxd5 Nxd5 4. e4 Nf6 5. Nc3 g6 6. d4 Bg7 7. Bc4 c6 8. a4
O-O 9. O-O a5 10. Qb3 h6 11. e5 Ne8 12. Be3 Nc7 13. Rad1 b5 14. axb5 a4 15. Qc2
cxb5 16. Nxb5 Nxb5 17. Bxb5 Qa5 18. Bd3 Bb7 19. Nh4 Nc6 20. Bxg6 fxg6 21. Qxg6
Qd5 22. Bxh6 Qf7 23. Qg3 Kh7 24. Bxg7 Qxg7 25. Qxg7+ Kxg7 26. f4 Nb4 27. f5
Rac8 28. Rf2 Be4 29. Re1 Bd3 30. g4 Rc4 31. Rf4 Nd5 32. Rf3 Rxd4 33. h3 Be4 34.
Rf2 Rh8 35. Ng6 Rxh3 36. Nxe7 Rh1# 0-1

[Event "Diez Reinas (Premier)"]
[Site "?"]
[Date "2013.10.21"]
[Round "7"]
[White "Zuriel, Marisa"]
[Black "Colombo, Camila"]
[Result "1-0"]
[WhiteElo "2215"]
[BlackElo "2074"]
[PlyCount "141"]
[EventDate "2013.??.??"]

1. e4 e6 2. d4 d5 3. Nc3 Bb4 4. e5 Qd7 5. Nf3 b6 6. Bd2 Ne7 7. Nb1 Bxd2+ 8.
Nbxd2 Ba6 9. Bxa6 Nxa6 10. O-O O-O 11. Qe2 Nb4 12. a3 Nbc6 13. Rac1 Nf5 14. Qd3
a5 15. g4 Nfe7 16. c4 dxc4 17. Rxc4 f6 18. Rfc1 b5 19. Rc5 Rad8 20. Qxb5 Nxd4
21. Qxd7 Rxd7 22. Rxc7 Rxc7 23. Rxc7 Nd5 24. Rc4 Ne2+ 25. Kf1 Nef4 26. exf6
gxf6 27. Ne4 Kg7 28. Nc5 Rb8 29. b3 h5 30. g5 fxg5 31. Nxg5 Kg6 32. Ngxe6 Nxe6
33. Nxe6 Rxb3 34. Rc5 Nb6 35. Nf4+ Kf7 36. Rxa5 h4 37. Rh5 Rxa3 38. Rxh4 Rb3
39. Kg2 Kg7 40. Rg4+ Kf7 41. h4 Nd7 42. Rg5 Rb4 43. Kg3 Rb3+ 44. f3 Rb1 45. Ra5
Nf6 46. Ra7+ Kg8 47. Nh3 Rb4 48. Ng5 Nh5+ 49. Kh3 Nf6 50. Ne6 Nh5 51. Ra8+ Kf7
52. Ng5+ Kg7 53. Ra7+ Kg6 54. Ne4 Nf4+ 55. Kg4 Nd5 56. h5+ Kh6 57. Ra6+ Kg7 58.
h6+ Kh7 59. Kg5 Rb5 60. Ra7+ Kh8 61. Nd6 Rc5 62. f4 Rc6 63. Rd7 Nb6 64. Rd8+
Kh7 65. Nf7 Rc5+ 66. f5 Rc8 67. Rxc8 Nxc8 68. f6 Nb6 69. Ne5 Nd5 70. f7 Nc7 71.
Kf5 1-0

[Event "Diez Reinas (Premier)"]
[Site "?"]
[Date "2013.10.21"]
[Round "7"]
[White "Silva, Natalia"]
[Black "Borda, Carla"]
[Result "1-0"]
[WhiteElo "1856"]
[BlackElo "1951"]
[PlyCount "91"]
[EventDate "2013.??.??"]

1. f4 d6 2. e4 Nd7 3. Nf3 c6 4. Bc4 Nc5 5. d3 b5 6. Bb3 Nxb3 7. axb3 g6 8. Be3
Bg7 9. c3 Qc7 10. d4 Nf6 11. Nbd2 d5 12. e5 Ng4 13. Qe2 h5 14. O-O O-O 15. Nh4
Nh6 16. f5 Nxf5 17. Nxf5 Bxf5 18. Rxf5 gxf5 19. Qxh5 Qd7 20. Rf1 Qe6 21. Rxf5
f6 22. Qg6 Rf7 23. Nf3 Qd7 24. Bh6 Qxf5 25. Qxf5 Bxh6 26. Qe6 Be3+ 27. Kf1 fxe5
28. dxe5 Rb8 29. Ke2 Bc1 30. Qxc6 Rg7 31. Qxd5+ Kh8 32. Nd4 Rbg8 33. g3 Bxb2
34. Nf5 Rh7 35. Kd3 Rc8 36. Qxb5 Rxc3+ 37. Ke4 Rc8 38. h4 e6 39. Nd6 Rg8 40.
Qe2 Ba3 41. Qf3 Bxd6 42. Qf6+ Rgg7 43. exd6 Rh5 44. d7 Rd5 45. Qh6+ Kg8 46.
Qxe6+ 1-0

[Event "Diez Reinas (Premier)"]
[Site "?"]
[Date "2013.10.22"]
[Round "8"]
[White "Fernandez, Maria F"]
[Black "Silva, Natalia"]
[Result "1-0"]
[WhiteElo "2180"]
[BlackElo "1856"]
[PlyCount "87"]
[EventDate "2013.??.??"]
[SourceDate "2013.10.22"]

1. d4 f5 2. c4 Nf6 3. Nc3 g6 4. Nf3 d6 5. g3 Bg7 6. Bg2 O-O 7. O-O Qe8 8. d5 c5
9. Rb1 Na6 10. e4 fxe4 11. Ng5 Nc7 12. Ncxe4 Nxe4 13. Bxe4 h6 14. Nf3 Bf5 15.
Qc2 Bxe4 16. Qxe4 Qf7 17. Nh4 Kh7 18. b4 cxb4 19. Be3 a5 20. Bb6 Ne8 21. f4 Bf6
22. f5 g5 23. Ng6 Rg8 24. Rfe1 Ng7 25. g4 Ra6 26. Bf2 Re8 27. h4 Raa8 28. hxg5
Bxg5 29. Rb3 Rac8 30. Rh3 Qf6 31. Bd4 Rxc4 32. Bxf6 Rxe4 33. Rxe4 Bxf6 34. Rc4
e5 35. dxe6 Nxe6 36. Re3 Ng7 37. Rxe8 Nxe8 38. Rc8 Bd4+ 39. Kg2 Nf6 40. Kf3 b6
41. Nf8+ Kg7 42. Ne6+ Kf7 43. Nxd4 d5 44. Rc6 1-0

[Event "Diez Reinas (Premier)"]
[Site "?"]
[Date "2013.10.22"]
[Round "8"]
[White "Borda, Carla"]
[Black "Zuriel, Marisa"]
[Result "0-1"]
[WhiteElo "1951"]
[BlackElo "2215"]
[PlyCount "54"]
[EventDate "2013.??.??"]

1. e4 c5 2. Nc3 Nc6 3. Bb5 Nd4 4. Bc4 e6 5. Nge2 Ne7 6. d3 a6 7. Nxd4 cxd4 8.
Ne2 Nc6 9. O-O Bc5 10. f4 O-O 11. Ng3 d5 12. exd5 exd5 13. Bb3 f5 14. Re1 Na5
15. Re5 Nxb3 16. axb3 Bd6 17. Re1 Qf6 18. Qe2 Bd7 19. Qf2 Rac8 20. Nh5 Qf7 21.
Ng3 Rfe8 22. Rxe8+ Qxe8 23. Kf1 Bb4 24. c4 dxc3 25. bxc3 Bxc3 26. Rb1 Bb5 27.
Qe2 Bxd3 0-1

[Event "Diez Reinas (Premier)"]
[Site "?"]
[Date "2013.10.23"]
[Round "9"]
[White "Colombo, Camila"]
[Black "Fernandez, Maria F"]
[Result "1/2-1/2"]
[WhiteElo "2074"]
[BlackElo "2180"]
[PlyCount "80"]
[EventDate "2013.??.??"]
[SourceDate "2013.10.23"]

1. d4 Nf6 2. c4 g6 3. Nc3 Bg7 4. e4 d6 5. Be2 O-O 6. Bg5 c5 7. d5 e6 8. Nf3
exd5 9. cxd5 h6 10. Bh4 g5 11. Bg3 Nh5 12. Nd2 Nxg3 13. hxg3 Nd7 14. Nc4 Nf6
15. f3 Qe7 16. Qd2 Bd7 17. a4 b6 18. g4 Rfb8 19. Ne3 a6 20. O-O Qe5 21. Bd3 Ne8
22. Nc4 Qd4+ 23. Kh1 b5 24. Ne2 Qf6 25. axb5 Bxb5 26. b3 Bd7 27. Rab1 Qe7 28.
b4 Rxb4 29. Rxb4 cxb4 30. Qxb4 h5 31. Qb7 Rc8 32. Ng3 Rc7 33. Qxa6 hxg4 34.
fxg4 Bxg4 35. Ne3 Bc8 36. Qa4 Ra7 37. Ngf5 Bxf5 38. Nxf5 Rxa4 39. Nxe7+ Kf8 40.
Ng6+ Kg8 1/2-1/2

[Event "Diez Reinas (Premier)"]
[Site "?"]
[Date "2013.10.23"]
[Round "9"]
[White "Zuriel, Marisa"]
[Black "Silva, Natalia"]
[Result "1-0"]
[WhiteElo "2215"]
[BlackElo "1856"]
[PlyCount "51"]
[EventDate "2013.??.??"]

1. e4 c5 2. Nf3 e6 3. d4 cxd4 4. Nxd4 a6 5. c4 g6 6. Nc3 Bg7 7. Nf3 Qc7 8. Be3
Nc6 9. Qd2 Qa5 10. Rc1 h5 11. Be2 Nh6 12. h3 f6 13. Nh4 Ne7 14. O-O Nf7 15. f4
d6 16. a3 Bd7 17. Rfd1 Bc6 18. b4 Qd8 19. c5 dxc5 20. Qa2 Qc8 21. Bxc5 g5 22.
Bc4 Qc7 23. Bxe6 Nd8 24. Rxd8+ Kxd8 25. Rd1+ Bd7 26. Bxe7+ 1-0

[Event "Diez Reinas (Premier)"]
[Site "?"]
[Date "2013.10.24"]
[Round "10"]
[White "Fernandez, Maria F"]
[Black "Zuriel, Marisa"]
[Result "0-1"]
[WhiteElo "2180"]
[BlackElo "2215"]
[PlyCount "64"]
[EventDate "2013.??.??"]
[SourceDate "2013.10.24"]

1. d4 Nf6 2. c4 e6 3. Nc3 d5 4. Nf3 Be7 5. e3 O-O 6. Bd3 dxc4 7. Bxc4 a6 8. O-O
b5 9. Bd3 Bb7 10. a3 c5 11. Qe2 Nbd7 12. Ne5 Nb6 13. Rd1 cxd4 14. exd4 Rc8 15.
Qe3 Nfd5 16. Qh3 f5 17. Bb1 Nxc3 18. bxc3 Nd5 19. Bd2 Bg5 20. Ba2 Bxd2 21. Bxd5
Qxd5 22. Rxd2 Rxc3 23. f3 Rc2 24. Rad1 Rxd2 25. Rxd2 Qb3 26. Kf2 Qxa3 27. Qh4
f4 28. Nd3 Qc3 29. Ke2 Qxd4 30. Qe7 Bd5 31. Nc5 Qe3+ 32. Kd1 Rc8 0-1

[Event "Diez Reinas (Premier)"]
[Site "?"]
[Date "2013.10.24"]
[Round "10"]
[White "Borda, Carla"]
[Black "Colombo, Camila"]
[Result "1/2-1/2"]
[WhiteElo "1951"]
[BlackElo "2074"]
[PlyCount "142"]
[EventDate "2013.??.??"]

1. e4 e6 2. d4 d5 3. exd5 exd5 4. Bd3 Nc6 5. c3 Bd6 6. Ne2 Qf6 7. Ng3 g6 8. Nd2
h5 9. Qf3 h4 10. Ne2 Qxf3 11. Nxf3 h3 12. g3 Bg4 13. Nfg1 Nce7 14. f3 Bd7 15.
g4 f5 16. g5 Rh4 17. f4 c5 18. Kf2 cxd4 19. cxd4 Nc6 20. Kg3 Rg4+ 21. Kf3 Nb4
22. Bb1 Bb5 23. a3 Nd3 24. Nxh3 Rh4 25. Kg3 Rg4+ 26. Kf3 Ne7 27. Rg1 Rc8 28.
Nc3 Rxg1 29. Nxg1 Nxc1 30. Nxb5 Bb8 31. Ba2 Nd3 32. Ne2 Nxb2 33. Nbc3 Nc4 34.
Bxc4 Rxc4 35. Rb1 b6 36. Rb4 Rc8 37. Rb5 Bd6 38. a4 Rc4 39. h4 Kd7 40. a5 Nc8
41. axb6 axb6 42. Rb3 Bb4 43. Ke3 Nd6 44. Kd3 Kc6 45. h5 gxh5 46. g6 Ne8 47.
Ng3 Ng7 48. Nh1 Ne6 49. Ne2 Bd6 50. Nhg3 Ng7 51. Rb1 h4 52. Nf1 Ra4 53. Nc3 Ra8
54. Ne3 Ra5 55. Rc1 Be7 56. Rb1 Bd8 57. Rh1 Bf6 58. Ng2 Ne6 59. Rf1 h3 60. Ne3
Nxd4 61. Rh1 Ra3 62. Nexd5 Nb5 63. Nxf6 Nxc3 64. Kc2 Ne4 65. Nxe4 fxe4 66. g7
Rg3 67. Rxh3 Rxg7 68. Rh6+ Kc5 69. Re6 Kd5 70. Rxb6 Rf7 71. f5 Rxf5 1/2-1/2

[Event "Diez Reinas (Talentos)"]
[Site "?"]
[Date "2013.10.16"]
[Round "1"]
[White "Costa, Anaclara"]
[Black "Flores, Nancy"]
[Result "0-1"]
[WhiteElo "1660"]
[BlackElo "1990"]
[PlyCount "76"]
[EventDate "2013.??.??"]
[SourceDate "2013.10.16"]

1. f4 Nf6 2. Nf3 c5 3. d3 d5 4. g3 g6 5. Bg2 Bg7 6. O-O O-O 7. Qe1 Nc6 8. c3
Qb6 9. Kh1 d4 10. Na3 Be6 11. h3 Nd5 12. Nc4 Qc7 13. Bd2 b5 14. Na3 b4 15. Nb1
bxc3 16. bxc3 Rab8 17. c4 Ne3 18. Na3 Nxf1 19. Bxf1 Nb4 20. g4 Bd7 21. Qh4 Bc6
22. Bg2 f6 23. Qg3 Na6 24. Nh4 Rb2 25. Qe1 Rfb8 26. Bc1 R2b6 27. e4 dxe3 28.
Bxe3 Bxg2+ 29. Nxg2 f5 30. Rd1 Rb2 31. Nb5 Qd7 32. g5 Rxa2 33. h4 Nb4 34. Bxc5
Qc6 35. Bf2 Qf3 36. Kg1 Nxd3 37. Qe6+ Kh8 38. Qe3 Qxd1+ 0-1

[Event "Diez Reinas (Talentos)"]
[Site "?"]
[Date "2013.10.16"]
[Round "1"]
[White "Justo, Virginia"]
[Black "Carraro, Denise"]
[Result "1/2-1/2"]
[WhiteElo "2042"]
[BlackElo "2095"]
[PlyCount "116"]
[EventDate "2013.??.??"]

1. c4 g6 2. Nc3 Bg7 3. g3 c5 4. Bg2 Nc6 5. Nf3 d6 6. O-O e5 7. d3 Nge7 8. e4
O-O 9. Be3 h6 10. Qd2 Kh7 11. Nd5 Be6 12. Ne1 f5 13. f4 exf4 14. gxf4 Nd4 15.
Nf3 Nec6 16. Rae1 Qd7 17. Nxd4 Nxd4 18. Kh1 Rae8 19. b3 b5 20. Bg1 b4 21. Ne3
a5 22. Nc2 Nxc2 23. Qxc2 Bc3 24. Rd1 Qe7 25. d4 fxe4 26. Bxe4 Bf5 27. Bxf5 Rxf5
28. dxc5 dxc5 29. Qg2 h5 30. Rd5 Qe2 31. Bxc5 Qxg2+ 32. Kxg2 Re2+ 33. Rf2 Rxf2+
34. Bxf2 Rxf4 35. Rxa5 Kg7 36. Ra6 Re4 37. c5 Re2 38. Kf3 Rc2 39. c6 Kf7 40.
Ra7+ Ke6 41. c7 Be5 42. Bg3 Rc3+ 43. Ke4 Bxg3 44. hxg3 Kd7 45. Kf4 Rc5 46. Rb7
g5+ 47. Kf3 Rxc7 48. Rxb4 Rc3+ 49. Kf2 Rc2+ 50. Kf3 Rc3+ 51. Kg2 Rc2+ 52. Kh3
Rxa2 53. Rb5 g4+ 54. Kh4 Rh2+ 55. Kg5 Kc6 56. Rb8 Rg2 57. Rc8+ Kb5 58. Rc3 Rh2
1/2-1/2

[Event "Diez Reinas (Talentos)"]
[Site "?"]
[Date "2013.10.17"]
[Round "2"]
[White "Flores, Nancy"]
[Black "Carraro, Denise"]
[Result "1-0"]
[WhiteElo "1990"]
[BlackElo "2095"]
[PlyCount "95"]
[EventDate "2013.??.??"]

1. Nf3 g6 2. g3 Bg7 3. d4 d6 4. Bg2 Nf6 5. c4 O-O 6. O-O c6 7. Nc3 Nbd7 8. e4
e5 9. d5 c5 10. Rb1 a6 11. a3 b5 12. cxb5 axb5 13. b4 cxb4 14. Rxb4 Nc5 15. Re1
Ba6 16. Be3 Qc7 17. Qb1 Rfb8 18. Rc1 Nfd7 19. Bf1 Qa5 20. Nxb5 Bxb5 21. Rxb5
Qxa3 22. Bh3 Qa4 23. Rcxc5 dxc5 24. Bxd7 Rxb5 25. Bxb5 Qb4 26. Qd3 Ra3 27. Qc4
Qb1+ 28. Kg2 Ra1 29. Qxc5 Qh1+ 30. Kh3 Qxf3 31. Qc8+ Bf8 32. Bc5 Qh5+ 33. Kg2
Qh6 34. Be7 Rc1 35. Bc6 Rc2 36. d6 Rxf2+ 37. Kxf2 Qxh2+ 38. Kf3 Qh1+ 39. Ke2
Qg2+ 40. Kd3 Qf1+ 41. Kc3 Qa1+ 42. Kb4 Qb2+ 43. Ka5 Qc3+ 44. Kb6 Qd4+ 45. Ka6
Qc4+ 46. Ka7 Qc5+ 47. Kb8 Qb6+ 48. Bb7 1-0

[Event "Diez Reinas (Talentos)"]
[Site "?"]
[Date "2013.10.17"]
[Round "2"]
[White "Costa, Anaclara"]
[Black "Justo, Virginia"]
[Result "1/2-1/2"]
[WhiteElo "1660"]
[BlackElo "2042"]
[PlyCount "59"]
[EventDate "2013.??.??"]

1. d4 Nf6 2. e3 d5 3. Bd3 e6 4. f4 c5 5. c3 Nc6 6. Nf3 Bd6 7. O-O O-O 8. Nbd2
cxd4 9. cxd4 b6 10. Ne5 Bb7 11. g4 Nb4 12. Bb1 Ne4 13. a3 Bxe5 14. fxe5 Nxd2
15. Bxd2 Nc6 16. Bd3 Rc8 17. Rc1 f6 18. exf6 Rxf6 19. Rxf6 Qxf6 20. Qf1 Ne7 21.
Qf4 Rxc1+ 22. Bxc1 Qxf4 23. exf4 Nc6 24. Be3 Na5 25. b4 Nc4 26. Bc1 Bc6 27. Bc2
b5 28. h4 Nd6 29. Bd2 Ne4 30. Be1 1/2-1/2

[Event "Diez Reinas (Talentos)"]
[Site "?"]
[Date "2013.10.18"]
[Round "3"]
[White "Justo, Virginia"]
[Black "Flores, Nancy"]
[Result "1-0"]
[WhiteElo "2042"]
[BlackElo "1990"]
[PlyCount "81"]
[EventDate "2013.??.??"]
[SourceDate "2013.10.18"]

1. e4 c5 2. Nf3 d6 3. d4 cxd4 4. Nxd4 Nf6 5. f3 a6 6. c4 g6 7. Nc3 Bg7 8. Be3
e6 9. Nc2 O-O 10. Be2 Nc6 11. Qd2 Qe7 12. O-O Rd8 13. Rfd1 Ne8 14. Rab1 Bd7 15.
Bb6 Rdc8 16. c5 Qh4 17. g3 Qh3 18. cxd6 Be5 19. f4 Bxd6 20. e5 Bc7 21. Be3 Rd8
22. Bf3 Na5 23. Qe2 f5 24. exf6 Nxf6 25. Bd4 e5 26. fxe5 Re8 27. Nd5 Nxd5 28.
Bxd5+ Be6 29. Bg2 Qf5 30. Ne3 Qf7 31. Rf1 Qg7 32. Nd5 Bd8 33. Nf6+ Bxf6 34.
Rxf6 Qd7 35. Bc3 Bc4 36. Qe4 Qb5 37. Re1 Nc6 38. e6 Rad8 39. Rxg6+ Kf8 40. Qf4+
Ke7 41. Rg7# 1-0

[Event "Diez Reinas (Talentos)"]
[Site "?"]
[Date "2013.10.18"]
[Round "3"]
[White "Carraro, Denise"]
[Black "Costa, Anaclara"]
[Result "1-0"]
[WhiteElo "2095"]
[BlackElo "1660"]
[PlyCount "29"]
[EventDate "2013.??.??"]

1. e4 e6 2. d4 d5 3. Nc3 Nf6 4. Bg5 Be7 5. e5 Nfd7 6. Bxe7 Qxe7 7. f4 a6 8. Nf3
c5 9. Bd3 Nc6 10. dxc5 Nxc5 11. Qd2 Bd7 12. O-O Nxd3 13. cxd3 b5 14. Rac1 Bc8
15. Nxd5 1-0

[Event "Diez Reinas (Talentos)"]
[Site "?"]
[Date "2013.10.19"]
[Round "4"]
[White "Flores, Nancy"]
[Black "Costa, Anaclara"]
[Result "1-0"]
[WhiteElo "1990"]
[BlackElo "1660"]
[PlyCount "47"]
[EventDate "2013.??.??"]

1. Nf3 d5 2. g3 e6 3. Bg2 Bd6 4. c4 c6 5. Qc2 Nf6 6. d4 Nbd7 7. cxd5 exd5 8.
O-O O-O 9. Nc3 Re8 10. Re1 Ne4 11. Nxe4 dxe4 12. Ng5 Nf6 13. Nxe4 Nxe4 14. Bxe4
h5 15. Bg2 Qf6 16. Qd3 h4 17. e4 Qe7 18. Bd2 hxg3 19. hxg3 Bd7 20. e5 Bb8 21.
Qf3 Qe6 22. Re4 c5 23. Rh4 g6 24. Bg5 1-0

[Event "Diez Reinas (Talentos)"]
[Site "?"]
[Date "2013.10.19"]
[Round "4"]
[White "Carraro, Denise"]
[Black "Justo, Virginia"]
[Result "1-0"]
[WhiteElo "2095"]
[BlackElo "2042"]
[PlyCount "107"]
[EventDate "2013.??.??"]

1. e4 c5 2. Nf3 e6 3. d3 Nc6 4. g3 Nge7 5. Bg2 g6 6. O-O Bg7 7. c3 d5 8. Qe2
O-O 9. e5 Qc7 10. Bf4 h6 11. h4 b6 12. Nbd2 Ba6 13. Rfe1 Rac8 14. Nf1 Kh7 15.
N1h2 Qd7 16. Ng4 Ng8 17. Qd2 d4 18. c4 Qe7 19. Ng5+ hxg5 20. hxg5 Nxe5 21. Bxe5
Bxe5 22. Rxe5 Bb7 23. Qf4 Kg7 24. Rae1 Qc7 25. Nf6 Ne7 26. Nd5 Nxd5 27. cxd5
Bxd5 28. Qf6+ Kg8 29. Bxd5 exd5 30. Kg2 Qc6 31. Re6 Qxe6 32. Rxe6 fxe6 33.
Qxg6+ Kh8 34. Qh6+ Kg8 35. Qxe6+ Kg7 36. Qh6+ Kf7 37. Qf6+ Ke8 38. Qe6+ Kd8 39.
g6 Kc7 40. Qxd5 Rcd8 41. Qe5+ Kb7 42. f4 c4 43. f5 cxd3 44. Qe4+ Kb8 45. Qxd3
Rd6 46. g4 Re8 47. g5 Re3 48. Qxe3 dxe3 49. g7 Rd8 50. f6 Kc7 51. f7 Rd2+ 52.
Kf3 e2 53. Kf2 Rd1 54. Kxe2 1-0

[Event "Diez Reinas (Talentos)"]
[Site "?"]
[Date "2013.10.19"]
[Round "5"]
[White "Carraro, Denise"]
[Black "Flores, Nancy"]
[Result "0-1"]
[WhiteElo "2095"]
[BlackElo "1990"]
[PlyCount "104"]
[EventDate "2013.??.??"]

1. e4 c5 2. Nf3 d6 3. d4 cxd4 4. Nxd4 Nf6 5. Nc3 a6 6. f3 e5 7. Nb3 Be6 8. Be3
Be7 9. Qd2 O-O 10. O-O-O a5 11. Na4 Nbd7 12. Kb1 d5 13. Bb5 d4 14. Bf2 Nb6 15.
c3 Nxa4 16. Bxa4 Qb8 17. Nxd4 exd4 18. cxd4 b5 19. Bc2 Bc4 20. b3 Ba3 21. Ka1
Bb4 22. Qe3 Be6 23. Qd3 Rc8 24. Be1 Qc7 25. Kb1 Bxe1 26. Rhxe1 Qc3 27. Qe2 a4
28. Rd3 Qa5 29. d5 Bd7 30. g4 axb3 31. Bxb3 b4 32. Qb2 Bb5 33. Rd2 Rc3 34. e5
Nd7 35. e6 fxe6 36. dxe6 Nc5 37. e7+ Nxb3 38. axb3 Kf7 39. f4 Bd3+ 40. Rxd3
Rxd3 41. e8=Q+ Rxe8 42. Rxe8 Rd1+ 43. Kc2 Qd5 44. Re7+ Kxe7 45. Qxg7+ Kd8 46.
Qh8+ Kc7 47. Qxh7+ Kb6 48. Qg6+ Kc5 49. Qg5 Rd2+ 50. Kc1 Qxg5 51. fxg5 Rxh2 52.
g6 Rg2 0-1

[Event "Diez Reinas (Talentos)"]
[Site "?"]
[Date "2013.10.19"]
[Round "5"]
[White "Justo, Virginia"]
[Black "Costa, Anaclara"]
[Result "1-0"]
[WhiteElo "2042"]
[BlackElo "1660"]
[PlyCount "95"]
[EventDate "2013.??.??"]

1. c4 f5 2. Nc3 Nf6 3. g3 e6 4. Bg2 d5 5. d4 c6 6. cxd5 exd5 7. Nf3 Bd6 8. O-O
O-O 9. Qc2 Nbd7 10. Bf4 Bxf4 11. gxf4 Ne4 12. e3 Rf6 13. Ne2 Rh6 14. Ng3 Nf8
15. b4 Ng6 16. b5 Nh4 17. Ne5 Nxg2 18. Kxg2 cxb5 19. Rac1 Nd6 20. Qc5 Be6 21.
Nf3 b6 22. Qc7 Nc4 23. Qxd8+ Rxd8 24. Rb1 Bd7 25. Rfc1 Rc8 26. Ne5 Nxe5 27.
Rxc8+ Bxc8 28. dxe5 Rc6 29. Rb2 a6 30. Ne2 Kf7 31. Nd4 Rc4 32. Kg3 b4 33. h4 a5
34. h5 h6 35. Kf3 Ke7 36. Rb1 Rc3 37. Rg1 Kf7 38. Nb5 Rc6 39. Nd6+ Kf8 40. Rg6
Rc7 41. Nb5 Rc2 42. Rxb6 Rxa2 43. Rb8 Rc2 44. Nd6 b3 45. Nxc8 Rxc8 46. Rxc8+
Ke7 47. Ke2 a4 48. Rb8 1-0

[Event "Diez Reinas (Talentos)"]
[Site "?"]
[Date "2013.10.21"]
[Round "6"]
[White "Flores, Nancy"]
[Black "Justo, Virginia"]
[Result "1/2-1/2"]
[WhiteElo "1990"]
[BlackElo "2042"]
[PlyCount "125"]
[EventDate "2013.??.??"]

1. Nf3 Nf6 2. g3 g6 3. b3 Bg7 4. Bb2 O-O 5. Bg2 d5 6. O-O c5 7. d4 cxd4 8. Nxd4
Nc6 9. Na3 Qa5 10. Nxc6 bxc6 11. c4 Ba6 12. Qc1 Rac8 13. Re1 Rfd8 14. e3 e6 15.
c5 Nd7 16. Bxg7 Kxg7 17. Qb2+ f6 18. b4 Rb8 19. Rab1 Qc7 20. Qc3 Ne5 21. Nc2
Re8 22. a4 Bd3 23. Red1 Bxc2 24. Qxc2 Nd7 25. e4 a5 26. b5 cxb5 27. exd5 Qxc5
28. Qxc5 Nxc5 29. axb5 exd5 30. Rxd5 Re5 31. b6 Rxd5 32. Bxd5 a4 33. Rc1 Na6
34. b7 a3 35. Rb1 Nc5 36. Rc1 Nxb7 37. Ra1 Nd6 38. Rxa3 Rb1+ 39. Kg2 Rb8 40.
Ra7+ Kh6 41. Rd7 Nb5 42. Rf7 f5 43. h4 Rd8 44. Bb3 Nd6 45. Re7 Ne4 46. Bc2 Nf6
47. Re6 Kg7 48. Bb3 Rd7 49. Ba4 Ra7 50. Bd1 Rd7 51. Be2 Ra7 52. f3 Rc7 53. g4
fxg4 54. fxg4 Kf7 55. Re5 h6 56. Kg3 Nd7 57. Re4 Kf6 58. Bc4 Ne5 59. Rf4+ Kg7
60. Be2 Rc3+ 61. Kf2 Nd3+ 62. Bxd3 Rxd3 63. Rf3 1/2-1/2

[Event "Diez Reinas (Talentos)"]
[Site "?"]
[Date "2013.10.21"]
[Round "6"]
[White "Costa, Anaclara"]
[Black "Carraro, Denise"]
[Result "0-1"]
[WhiteElo "1660"]
[BlackElo "2095"]
[PlyCount "66"]
[EventDate "2013.??.??"]

1. d4 Nf6 2. c4 e6 3. Nf3 b6 4. g3 Ba6 5. Qc2 Bb7 6. Bg2 c5 7. O-O Be7 8. e3
Nc6 9. b3 O-O 10. Bb2 cxd4 11. exd4 d5 12. Ne5 Rc8 13. Rc1 dxc4 14. Nxc6 Bxc6
15. bxc4 Bxg2 16. Kxg2 b5 17. c5 Qd5+ 18. Kg1 Rfd8 19. Qb3 Qh5 20. f3 Nd5 21.
Nd2 Bg5 22. Bc3 Be3+ 23. Kg2 Nxc3 24. Qxc3 Bxd4 25. Qa5 Bxa1 26. Rxa1 Qxc5 27.
Ne4 Qc2+ 28. Nf2 Rd2 29. Qxa7 h6 30. Rf1 Qxa2 31. Qb7 Rcc2 32. Qb8+ Kh7 33. Qb6
b4 0-1

[Event "Diez Reinas (Talentos)"]
[Site "?"]
[Date "2013.10.22"]
[Round "7"]
[White "Costa, Anaclara"]
[Black "Flores, Nancy"]
[Result "0-1"]
[WhiteElo "1660"]
[BlackElo "1990"]
[PlyCount "52"]
[EventDate "2013.??.??"]

1. d4 Nf6 2. c4 g6 3. Nc3 d5 4. Nf3 Bg7 5. e3 O-O 6. Be2 c5 7. O-O cxd4 8. exd4
dxc4 9. Bxc4 Bg4 10. Be3 Nc6 11. Qd2 Bxf3 12. gxf3 Qc8 13. b3 Qh3 14. Be2 Rad8
15. f4 Ng4 16. Bxg4 Qxg4+ 17. Kh1 Qf3+ 18. Kg1 Nxd4 19. Bxd4 Rxd4 20. Qe3 Rxf4
21. Qxf3 Rxf3 22. Nd5 Bxa1 23. Rxa1 Rd8 24. Kg2 Rd3 25. Nf4 R3d4 26. Ne2 Rd2
0-1

[Event "Diez Reinas (Talentos)"]
[Site "?"]
[Date "2013.10.22"]
[Round "7"]
[White "Justo, Virginia"]
[Black "Carraro, Denise"]
[Result "0-1"]
[WhiteElo "2042"]
[BlackElo "2095"]
[PlyCount "98"]
[EventDate "2013.??.??"]

1. c4 e5 2. Nc3 Nc6 3. g3 g6 4. Bg2 Bg7 5. e3 d6 6. Nge2 Be6 7. d3 Qd7 8. Nd5
Nd8 9. e4 c6 10. Ndc3 Bh3 11. O-O Ne7 12. Be3 Bxg2 13. Kxg2 Ne6 14. d4 exd4 15.
Nxd4 O-O 16. Qd2 f5 17. exf5 Nxd4 18. Bxd4 Bxd4 19. Qxd4 Nxf5 20. Qd3 Rae8 21.
Rad1 Qf7 22. b4 Re5 23. a3 Qe6 24. Rd2 Re3 {!} 25. Qc2 Nh4+ {!} 26. gxh4 Qg4+
27. Kh1 Qf3+ 28. Kg1 Rxc3 {28...Tf4! -+} 29. Qd1 Rxc4 30. Qxf3 Rxf3 31. Rxd6
Rxh4 32. Rd8+ Kg7 33. Rd7+ Rf7 34. Rfd1 Re4 35. Kg2 Ree7 36. Rxe7 Rxe7 37. Rd6
Kf7 38. Kf3 Ke8 39. Rd4 Re1 40. Rd3 Ke7 41. Kf4 Ra1 42. Kf3 Ra2 43. Ke3 Ke6 44.
h3 b6 45. Kf3 c5 46. bxc5 bxc5 47. Ke3 c4 48. Rc3 Kd5 49. h4 h5 0-1

[Event "Diez Reinas (Talentos)"]
[Site "?"]
[Date "2013.10.23"]
[Round "8"]
[White "Flores, Nancy"]
[Black "Carraro, Denise"]
[Result "1-0"]
[WhiteElo "1990"]
[BlackElo "2095"]
[PlyCount "105"]
[EventDate "2013.??.??"]

1. Nf3 Nf6 2. c4 e6 3. g3 b6 4. Bg2 Bb7 5. b3 Be7 6. Bb2 c5 7. O-O O-O 8. d4
cxd4 9. Qxd4 Nc6 10. Qd2 Qc7 11. Nc3 a6 12. Rac1 Na5 13. Rfd1 Rad8 14. Na4 Bc6
15. Nc3 Qb7 16. Qc2 b5 17. Rd4 Ne8 18. Ne4 f5 19. Nc3 bxc4 20. bxc4 Bf6 21. Nd1
Bxd4 22. Bxd4 Be4 23. Qa4 Nc6 24. Bc5 d6 25. Ba3 Ne5 26. Nxe5 Bxg2 27. f3 Bh3
28. Nd3 e5 29. N3f2 e4 30. Nxh3 exf3 31. exf3 Qxf3 32. Qb3 Qc6 33. Nf4 Nf6 34.
Qd3 Rfe8 35. Nf2 Ne4 36. Qd5+ Qxd5 37. Nxd5 Nd2 38. Kg2 Re2 39. Nf4 Re3 40. Bb4
Ne4 41. Nd1 Rb8 42. Nxe3 Rxb4 43. Rc2 g6 44. Ned5 Rb1 45. Ne3 Kg7 46. g4 Kf6
47. h4 Ke5 48. Kf3 a5 49. gxf5 gxf5 50. Nd3+ Kd4 51. Nf2 Ke5 52. Ned1 Rb4 53.
Nd3+ 1-0

[Event "Diez Reinas (Talentos)"]
[Site "?"]
[Date "2013.10.23"]
[Round "8"]
[White "Costa, Anaclara"]
[Black "Justo, Virginia"]
[Result "1/2-1/2"]
[WhiteElo "1660"]
[BlackElo "2042"]
[PlyCount "61"]
[EventDate "2013.??.??"]

1. d4 Nf6 2. c4 g6 3. Nc3 d5 4. Bg5 Ne4 5. Bf4 Nxc3 6. bxc3 Bg7 7. Nf3 c5 8. e3
cxd4 9. cxd4 Nc6 10. Be2 O-O 11. O-O dxc4 12. Bxc4 Bg4 13. h3 Bxf3 14. Qxf3 e5
15. dxe5 Nxe5 16. Bxe5 Bxe5 17. Rfd1 Qe7 18. Rab1 b6 19. Rd5 Rac8 20. Bb3 Rc7
21. Rbd1 Rfc8 22. g3 Bf6 23. Rd6 Kg7 24. Ba4 Rc1 25. Qd5 R8c5 26. Qd2 Rxd1+ 27.
Bxd1 Rc7 28. Ba4 Qe5 29. Qd5 Qxd5 30. Rxd5 Be7 31. Rd7 1/2-1/2

[Event "Diez Reinas (Talentos)"]
[Site "?"]
[Date "2013.10.24"]
[Round "9"]
[White "Justo, Virginia"]
[Black "Flores, Nancy"]
[Result "1-0"]
[WhiteElo "2042"]
[BlackElo "1990"]
[PlyCount "141"]
[EventDate "2013.??.??"]

1. c4 Nf6 2. Nc3 d5 3. cxd5 Nxd5 4. g3 e6 5. Bg2 c5 6. Nf3 Nc6 7. O-O Be7 8. d3
O-O 9. a3 Bf6 10. Ne4 Qb6 11. Nxf6+ Nxf6 12. Qc2 Bd7 13. Be3 Nd4 14. Bxd4 cxd4
15. Ne5 Rac8 16. Qd2 Ba4 17. Rfc1 Nd7 18. Nc4 Qa6 19. b4 e5 20. Na5 Bc6 21.
Nxc6 bxc6 22. Bh3 Rc7 23. Bxd7 Rxd7 24. Rc5 Re8 25. Qc2 Rd6 26. Ra5 Qb7 27. Qc5
Rd7 28. Rc1 Re6 29. Qc4 g6 30. Ra6 Rdd6 31. Ra5 Qd7 32. Qc5 Re7 33. Ra6 e4 34.
Rxc6 Rd5 35. Qc4 exd3 36. Qxd3 Qg4 37. R1c2 Rh5 38. R6c5 Rh6 39. Qf3 Qh3 40.
Qg2 Qg4 41. Qa8+ Kg7 42. Qf3 Qh3 43. Qg2 Qg4 44. R5c4 Rh5 45. Rd2 Rhe5 46. h3
Qf5 47. Rcxd4 Rxe2 48. Rxe2 Rxe2 49. Rf4 Qb1+ 50. Kh2 Qe1 51. Qf3 Re7 52. Kg2
Rc7 53. Re4 Qa1 54. Qf4 Qb1 55. Qe5+ Kg8 56. Qxc7 Qxe4+ 57. Kh2 Qd4 58. Qc5
Qxc5 59. bxc5 Kf8 60. Kg2 Ke7 61. Kf3 Kd7 62. Ke4 Kc6 63. Kd4 f6 64. a4 g5 65.
f4 a6 66. f5 h5 67. g4 h4 68. Kc4 a5 69. Kd4 Kc7 70. Kd5 Kd7 71. c6+ 1-0